[Event "LTU ch  (G14)"]
[Site "Vilnius"]
[Date "2016.03.18"]
[Round "1.1"]
[White "Sibajeva, Marija"]
[Black "Plutaite, Ausra"]
[Result "1-0"]
[WhiteElo "1876"]
[BlackElo "1298"]
[PlyCount "37"]
[EventDate "2016.03.18"]

1. d4 d5 2. Nf3 c6 3. c4 dxc4 4. e3 b5 5. a4 Nf6 6. axb5 cxb5 7. b3 Be6 8. bxc4
bxc4 9. Qc2 Qc8 10. Na3 c3 11. Nb5 Na6 12. Rxa6 Nd5 13. Rxa7 Rb8 14. Qa4 Bd7
15. Ne5 Nb6 16. Qa6 Qxa6 17. Nc7+ Kd8 18. Nxf7+ Kc8 19. Bxa6+ 1-0

[Event "LTU ch  (G14)"]
[Site "Vilnius"]
[Date "2016.03.18"]
[Round "1.2"]
[White "Saunoriute, Milda"]
[Black "Ravlusevic, Evelina"]
[Result "0-1"]
[WhiteElo "1275"]
[BlackElo "1563"]
[PlyCount "99"]
[EventDate "2016.03.18"]

1. e4 c5 2. Nc3 Nc6 3. f4 e6 4. Nf3 d5 5. d3 Nf6 6. Be2 dxe4 7. dxe4 Qxd1+ 8.
Bxd1 a6 9. O-O Be7 10. Be3 b5 11. e5 Nd5 12. Bd2 O-O 13. a3 Bb7 14. Ne1 Nd4 15.
Nf3 Nc6 16. Ne1 Rfd8 17. Nd3 Nd4 18. Ne2 Nxe2+ 19. Bxe2 c4 20. Nf2 Bc5 21. Kh1
Be3 22. Ne4 Bxd2 23. Nxd2 Ne3 24. Bf3 Nxf1 25. Bxb7 Nxd2 26. Bxa8 Rxa8 27. Rd1
Ne4 28. Kg1 Kf8 29. Rd4 Nc5 30. Kf2 Ke7 31. Ke3 Rd8 32. g3 Rxd4 33. Kxd4 Nb7
34. Ke4 h5 35. Ke3 Kd7 36. Ke4 f6 37. f5 Nd8 38. exf6 gxf6 39. fxe6+ Kxe6 40.
h3 Nc6 41. Kf4 Nd4 42. c3 Ne2+ 43. Kf3 Nc1 44. g4 hxg4+ 45. Kxg4 Nd3 46. Kh5
Nf4+ 47. Kg4 Nxh3 48. Kxh3 Ke5 49. Kg3 Ke4 50. Kf2 0-1

[Event "LTU ch  (G14)"]
[Site "Vilnius"]
[Date "2016.03.18"]
[Round "1.3"]
[White "Staskeviciute, Darija"]
[Black "Jaskunaite, Auguste"]
[Result "1/2-1/2"]
[WhiteElo "1472"]
[BlackElo "1062"]
[PlyCount "114"]
[EventDate "2016.03.18"]

1. e4 e5 2. Nf3 Nc6 3. d4 exd4 4. Nxd4 Qf6 5. Be3 Bc5 6. c3 Nge7 7. Bc4 O-O 8.
O-O Rd8 9. Qd2 h6 10. Kh1 d5 11. Nxc6 Qxc6 12. exd5 Nxd5 13. Bxc5 Qxc5 14. Bb3
Bf5 15. Na3 Nf6 16. Qf4 Be4 17. Rfe1 Qc6 18. f3 Bd5 19. Re7 Bxb3 20. axb3 Rd7
21. Rxd7 Qxd7 22. Nc4 Rd8 23. h3 Nh5 24. Qh4 Nf6 25. b4 Qd3 26. Qf4 Nd5 27. Qe4
Qxe4 28. fxe4 Nf4 29. Rxa7 b5 30. Ne3 Re8 31. Rxc7 Rxe4 32. Nf5 Re2 33. g4 Nxh3
34. Rb7 Ng5 35. Nd4 Rxb2 36. Rxb5 Ne4 37. Rb8+ Kh7 38. Rc8 Nf2+ 39. Kg1 Nxg4
40. Rc7 Ne5 41. b5 h5 42. Re7 Nc4 43. Rxf7 Nd6 44. Rc7 Nxb5 45. Rb7 Rb1+ 46.
Kh2 Nxc3 47. Rf7 Kg6 48. Rf3 Ne4 49. Rf4 Rb2+ 50. Kg1 Ng5 51. Rh4 Rb4 52. Kf1
Nf3 53. Nxf3 Rxh4 54. Nxh4+ Kg5 55. Nf3+ Kf4 56. Kg2 g5 57. Nxg5 Kxg5 1/2-1/2

[Event "LTU ch  (G14)"]
[Site "Vilnius"]
[Date "2016.03.19"]
[Round "2.1"]
[White "Simkunaite, Gabija"]
[Black "Sibajeva, Marija"]
[Result "0-1"]
[WhiteElo "1458"]
[BlackElo "1876"]
[PlyCount "148"]
[EventDate "2016.03.18"]

1. e4 c5 2. c3 d5 3. exd5 Qxd5 4. d4 Nc6 5. Nf3 Bf5 6. Na3 cxd4 7. Nb5 O-O-O 8.
cxd4 e5 9. Nc3 Bb4 10. Bd2 Bxc3 11. bxc3 exd4 12. cxd4 Nf6 13. Be2 Nxd4 14.
Nxd4 Qxd4 15. Rc1+ Kb8 16. Rc4 Qb6 17. O-O Ka8 18. Qc1 Rc8 19. Be3 Qa5 20. Qb2
Rxc4 21. Bxc4 Bg6 22. Rc1 Rc8 23. Bd5 Rxc1+ 24. Qxc1 Qd8 25. Qa3 Qb8 26. Bf3
Nd7 27. g3 Bf5 28. Qb4 Be6 29. a4 Ne5 30. Bg2 Nc6 31. Qc3 Qd6 32. Bxc6 bxc6 33.
Qd4 Qxd4 34. Bxd4 f6 35. Kf1 Kb7 36. Ke1 a5 37. Kd2 Bb3 38. Kc3 Bxa4 39. Bc5
Bb5 40. f4 Kc7 41. h4 Kd7 42. f5 Be2 43. Bf8 g6 44. fxg6 hxg6 45. Bc5 Ke6 46.
Kd4 Kf5 47. Ke3 Bd1 48. Bd6 a4 49. Kd2 Bb3 50. Kc3 Ke6 51. Bc5 Kd5 52. Kb4 f5
53. Be7 Bd1 54. Bf8 Kd4 55. Bc5+ Kd3 56. Bd6 Bb3 57. Bc5 Kc2 58. Bd4 Kb1 59.
Ka3 Bd1 60. Be3 Kc2 61. Bc5 Kc3 62. Bf8 Kc4 63. Kb2 c5 64. Ka3 Kd4 65. Bg7+ Kd3
66. Be5 c4 67. Kb4 Bb3 68. Ba1 Kc2 69. Ka3 c3 70. Kb4 Bd5 71. Kxa4 Kd2 72. Ka3
c2 73. Bb2 c1=Q 74. Bxc1+ Kxc1 0-1

[Event "LTU ch  (G14)"]
[Site "Vilnius"]
[Date "2016.03.19"]
[Round "2.2"]
[White "Ravlusevic, Evelina"]
[Black "Borisovaite, Ana"]
[Result "1/2-1/2"]
[WhiteElo "1563"]
[BlackElo "1316"]
[PlyCount "110"]
[EventDate "2016.03.18"]

1. d4 d5 2. c4 c6 3. Nf3 Bf5 4. Qb3 Bc8 5. cxd5 Qxd5 6. Qxd5 cxd5 7. Nc3 e6 8.
Nb5 Na6 9. Bf4 Bb4+ 10. Bd2 Be7 11. a3 Nf6 12. Bf4 O-O 13. e3 Bd7 14. Ne5 Bxb5
15. Bxb5 Nc7 16. Bd3 Rfc8 17. O-O Nh5 18. Bg3 Nxg3 19. hxg3 Ne8 20. Rac1 Nd6
21. b3 f6 22. Nf3 Nf7 23. b4 Nd6 24. Nd2 e5 25. dxe5 fxe5 26. Be2 e4 27. Rfd1
Kf7 28. Nb3 Rxc1 29. Rxc1 Rc8 30. Rxc8 Nxc8 31. Na5 Nd6 32. Nb3 Bf6 33. Nc5 Bb2
34. Bg4 Bxa3 35. Be6+ Ke7 36. Bxd5 Bxb4 37. Nxb7 a5 38. Nxd6 Kxd6 39. Bxe4 g6
40. Bc2 Kc5 41. Kf1 Bc3 42. Ke2 Kb4 43. f4 a4 44. Kd3 a3 45. Bb1 Kb3 46. e4 Kb2
47. Ba2 Kxa2 48. Kc2 Bg7 49. g4 Ka1 50. e5 g5 51. g3 h6 52. Kb3 a2 53. Kc2 Bh8
54. Kc1 Bg7 55. Kc2 Bh8 1/2-1/2

[Event "LTU ch  (G14)"]
[Site "Vilnius"]
[Date "2016.03.19"]
[Round "2.3"]
[White "Plutaite, Ausra"]
[Black "Staskeviciute, Darija"]
[Result "1-0"]
[WhiteElo "1298"]
[BlackElo "1472"]
[PlyCount "77"]
[EventDate "2016.03.18"]

1. e4 c5 2. d4 cxd4 3. c3 d3 4. Bxd3 d6 5. c4 Nf6 6. Nc3 e6 7. Nf3 Be7 8. O-O
O-O 9. Bg5 Nc6 10. Bc2 b6 11. Ba4 Bb7 12. Qe2 Qc7 13. Rad1 Rac8 14. Nb5 Qb8 15.
Bxf6 gxf6 16. Qd2 Rcd8 17. Qh6 Kh8 18. Rd2 Rg8 19. Rfd1 Rg6 20. Qh3 Na5 21. Nh4
Rh6 22. Qg3 Rg8 23. Qf4 e5 24. Qxh6 Nxc4 25. Rc2 a6 26. Rxc4 axb5 27. Bxb5 Qd8
28. Nf5 Bc8 29. Nxe7 Qxe7 30. Qc1 Be6 31. Rc7 Qd8 32. Qc6 Qf8 33. Qxd6 Qg7 34.
g3 Bxa2 35. Qxb6 Be6 36. Bd7 Ba2 37. Rdc1 Qg5 38. Rc8 Qd2 39. Qxf6# 1-0

[Event "LTU ch  (G14)"]
[Site "Vilnius"]
[Date "2016.03.19"]
[Round "2.4"]
[White "Jaskunaite, Auguste"]
[Black "Saunoriute, Milda"]
[Result "0-1"]
[WhiteElo "1062"]
[BlackElo "1275"]
[PlyCount "94"]
[EventDate "2016.03.18"]

1. d4 Nf6 2. c4 c5 3. e3 e6 4. Nf3 Nc6 5. Bd3 d5 6. Nc3 cxd4 7. Nxd4 Bc5 8.
cxd5 Bxd4 9. exd4 Nxd5 10. Ne2 O-O 11. O-O Qb6 12. Bb1 Rd8 13. Qd3 g6 14. Qc4
Nc7 15. Be3 Qxb2 16. Be4 Qb4 17. Qxb4 Nxb4 18. Rfc1 Ncd5 19. Bg5 Rd6 20. a3 Nc6
21. Rd1 b6 22. Bh6 Bb7 23. Rd3 Nf6 24. Bf4 Rd7 25. Bf3 Na5 26. Be5 Bxf3 27.
Rxf3 Nd5 28. h4 Nc6 29. Bh2 Nde7 30. Rd1 Nf5 31. g4 Nfxd4 32. Nxd4 Rxd4 33.
Rxd4 Nxd4 34. Rh3 Rc8 35. Be5 Nc6 36. Bf6 h6 37. h5 g5 38. f4 gxf4 39. g5 hxg5
40. Bxg5 e5 41. Rc3 a5 42. Bf6 Kh7 43. Kf2 e4 44. Bg5 Na7 45. Rxc8 Nxc8 46.
Bxf4 Ne7 47. Bd2 Nd5 0-1

[Event "LTU ch  (G14)"]
[Site "Vilnius"]
[Date "2016.03.20"]
[Round "3.1"]
[White "Sibajeva, Marija"]
[Black "Ravlusevic, Evelina"]
[Result "1-0"]
[WhiteElo "1876"]
[BlackElo "1563"]
[PlyCount "99"]
[EventDate "2016.03.18"]

1. d4 d5 2. c4 c6 3. Nf3 Nf6 4. Qc2 e6 5. e3 Nbd7 6. Nbd2 Bd6 7. Be2 O-O 8. O-O
b6 9. cxd5 cxd5 10. Qc6 Qc7 11. Qxa8 Ba6 12. Qxf8+ Kxf8 13. Bxa6 Qb8 14. Bb5 h6
15. Bxd7 Nxd7 16. Nb3 Ke7 17. Bd2 a5 18. Bc3 Nf6 19. Nbd2 Nd7 20. Rac1 Bc7 21.
Nb3 Bd6 22. Na1 Qb7 23. Nc2 Nf6 24. Nce1 Ne4 25. Nd2 Nf6 26. Nd3 Nd7 27. Ne5
Nxe5 28. dxe5 Bb8 29. Nf3 Kd7 30. Bd4 Qa7 31. Rc2 Qb7 32. Rfc1 g6 33. Rc6 Qxc6
34. Rxc6 Kxc6 35. Kf1 Bc7 36. Ke2 Bd8 37. Bc3 Bc7 38. Nd4+ Kc5 39. a4 Bb8 40.
Nb5 Kc6 41. Nd6 Bxd6 42. exd6 Kxd6 43. Bd4 Kc6 44. Kf3 b5 45. axb5+ Kxb5 46.
Kf4 Kc6 47. Ke5 Kd7 48. Kf6 Ke8 49. b3 h5 50. Bb6 1-0

[Event "LTU ch  (G14)"]
[Site "Vilnius"]
[Date "2016.03.20"]
[Round "3.2"]
[White "Borisovaite, Ana"]
[Black "Simkunaite, Gabija"]
[Result "0-1"]
[WhiteElo "1316"]
[BlackElo "1458"]
[PlyCount "120"]
[EventDate "2016.03.18"]

1. c4 c6 2. g3 d5 3. cxd5 cxd5 4. Bg2 e5 5. d3 Nc6 6. Nf3 Bb4+ 7. Bd2 Bxd2+ 8.
Nfxd2 Nge7 9. O-O O-O 10. Nb3 f5 11. e3 f4 12. exf4 exf4 13. d4 Kh8 14. Nc3 b6
15. a3 Be6 16. Re1 Bg8 17. Qd3 h6 18. Rac1 Bh7 19. Qd1 Bg8 20. Nb1 Rc8 21. N1d2
fxg3 22. hxg3 Nf5 23. Nf3 a5 24. Ne5 Nxe5 25. Rxc8 Qxc8 26. dxe5 Qe6 27. Bh3
Qg6 28. Nd4 Nxg3 29. fxg3 Qxg3+ 30. Bg2 Rf2 31. Qf3 Rxf3 32. Nxf3 Be6 33. Kf1
g5 34. Nd4 Qf4+ 35. Nf3 g4 36. Bh1 gxf3 37. Rd1 Qe3 38. Bxf3 Qxf3+ 39. Ke1 h5
40. Rd2 h4 41. Rf2 Qe3+ 42. Re2 Qg1+ 43. Kd2 h3 44. Re1 Qd4+ 45. Ke2 Qxe5+ 46.
Kf1 Qf4+ 47. Ke2 Bg4+ 48. Kd3 Qc4+ 49. Kd2 h2 50. Ke3 Qe4+ 51. Kd2 Qxe1+ 52.
Kxe1 h1=Q+ 53. Kd2 Qd1+ 54. Ke3 d4+ 55. Ke4 Kg7 56. Kd5 Kf6 57. Kd6 Qc2 58. Kd5
d3 59. Kd6 d2 60. Kd5 d1=Q# 0-1

[Event "LTU ch  (G14)"]
[Site "Vilnius"]
[Date "2016.03.20"]
[Round "3.3"]
[White "Saunoriute, Milda"]
[Black "Plutaite, Ausra"]
[Result "0-1"]
[WhiteElo "1275"]
[BlackElo "1298"]
[PlyCount "84"]
[EventDate "2016.03.18"]

1. e4 e6 2. d4 d5 3. exd5 exd5 4. Nf3 Nf6 5. Bd3 c5 6. O-O c4 7. Re1+ Be7 8.
Be2 O-O 9. b3 b5 10. Bd2 Nc6 11. c3 Bg4 12. Qc2 Ne4 13. Bf4 Re8 14. Ne5 Nxe5
15. Bxe5 Bf5 16. Nd2 Bh4 17. Nxe4 Bxe4 18. Qd1 Qg5 19. Bf3 Qf5 20. Bxe4 dxe4
21. g3 Be7 22. bxc4 bxc4 23. Qe2 Ba3 24. Qxc4 Rac8 25. Qb3 Be7 26. Rac1 Bg5 27.
Rc2 h5 28. Rce2 h4 29. Qc2 hxg3 30. hxg3 Qf3 31. c4 f6 32. Bd6 e3 33. fxe3
Bxe3+ 34. Kh2 Kf7 35. Qh7 Rh8 36. Qh4 Rxh4+ 37. gxh4 Bf4+ 38. Bxf4 Qxf4+ 39.
Kh3 Rxc4 40. Re4 Rc3+ 41. Kg2 Qg3+ 42. Kf1 Rf3+ 0-1

[Event "LTU ch  (G14)"]
[Site "Vilnius"]
[Date "2016.03.21"]
[Round "4.1"]
[White "Jaskunaite, Auguste"]
[Black "Sibajeva, Marija"]
[Result "0-1"]
[WhiteElo "1062"]
[BlackElo "1876"]
[PlyCount "68"]
[EventDate "2016.03.18"]

1. d4 d5 2. c4 c6 3. Nc3 Nf6 4. Nf3 dxc4 5. e4 b5 6. b4 cxb3 7. Qxb3 a6 8. Be2
Be6 9. Qb2 Nbd7 10. O-O Nb6 11. Bf4 Bg4 12. Rfd1 Bxf3 13. Bxf3 e6 14. Bg5 Be7
15. Qb3 Nfd7 16. Bf4 Rc8 17. d5 cxd5 18. exd5 e5 19. Bg3 Nc5 20. Qb2 Bd6 21.
Ne4 Nxe4 22. Bxe4 Na4 23. Qd2 O-O 24. Re1 f5 25. Bxf5 Rxf5 26. Re4 Qc7 27. Rae1
Qc2 28. Qa5 Nc3 29. R4e3 Nxd5 30. R3e2 Qc6 31. Bxe5 Bb4 32. Qxb4 Nxb4 33. Bg3
Nd3 34. Rd2 Nxe1 0-1

[Event "LTU ch  (G14)"]
[Site "Vilnius"]
[Date "2016.03.21"]
[Round "4.2"]
[White "Simkunaite, Gabija"]
[Black "Plutaite, Ausra"]
[Result "1-0"]
[WhiteElo "1458"]
[BlackElo "1298"]
[PlyCount "75"]
[EventDate "2016.03.18"]

1. e4 e6 2. d4 d5 3. Nc3 Nf6 4. e5 Nfd7 5. f4 c5 6. Nf3 Nc6 7. Be3 Qb6 8. Na4
Qa5+ 9. c3 cxd4 10. b4 Qc7 11. Nxd4 Be7 12. Bd3 O-O 13. O-O a6 14. Qh5 g6 15.
Qg4 f5 16. Nxe6 fxg4 17. Nxc7 Rb8 18. Nxd5 Bh4 19. g3 Bd8 20. Nc5 Nxc5 21. Bxc5
Rf7 22. Bd6 Ra8 23. Rae1 Be6 24. Ne3 Bb6 25. Kg2 a5 26. b5 Ne7 27. Bc4 Bxc4 28.
Nxc4 Ba7 29. e6 Rff8 30. Bxe7 Rfc8 31. Re4 Re8 32. Bf6 Bc5 33. Rd1 b6 34. Bd4
Rab8 35. Bxc5 bxc5 36. a4 Kg7 37. Rd7+ Kf6 38. Rf7# 1-0

[Event "LTU ch  (G14)"]
[Site "Vilnius"]
[Date "2016.03.21"]
[Round "4.3"]
[White "Ravlusevic, Evelina"]
[Black "Staskeviciute, Darija"]
[Result "1-0"]
[WhiteElo "1563"]
[BlackElo "1472"]
[PlyCount "117"]
[EventDate "2016.03.18"]

1. d4 d5 2. c4 dxc4 3. Nc3 Nf6 4. Bf4 e6 5. e3 a6 6. Bxc4 c5 7. dxc5 Bxc5 8.
Qxd8+ Kxd8 9. Rd1+ Ke7 10. Nge2 b5 11. Bb3 Bb7 12. O-O Nc6 13. Bg5 Bb6 14. Ne4
Rhd8 15. N2c3 Rac8 16. Bh4 Ne5 17. Rxd8 Rxd8 18. Bc2 h6 19. Nxf6 gxf6 20. Be4
Bc8 21. Rd1 Rg8 22. Kf1 Rg4 23. Bg3 b4 24. Na4 Bd8 25. Bc2 a5 26. h3 Rc4 27.
Bb3 Rc6 28. Kg1 Ba6 29. Bh4 Bc7 30. Bg3 Bb5 31. Rd2 Nc4 32. Bxc4 Bxc4 33. Bxc7
Rxc7 34. Rc2 Rc6 35. Nb6 Bb5 36. Rxc6 Bxc6 37. b3 Kd6 38. Nc4+ Kc7 39. Nxa5 Be4
40. Nc4 Bb1 41. Kf1 Kc6 42. Ke2 Kd5 43. a3 bxa3 44. Nxa3 Ba2 45. b4 Bb3 46. Kd3
Ba4 47. e4+ Kc6 48. f4 Bb5+ 49. Nxb5 Kxb5 50. Kc3 h5 51. g3 Kc6 52. Kc4 Kb6 53.
b5 Kc7 54. Kc5 Kb7 55. b6 Kc8 56. Kc6 Kb8 57. b7 e5 58. f5 h4 59. gxh4 1-0

[Event "LTU ch  (G14)"]
[Site "Vilnius"]
[Date "2016.03.22"]
[Round "5.1"]
[White "Sibajeva, Marija"]
[Black "Borisovaite, Ana"]
[Result "1-0"]
[WhiteElo "1876"]
[BlackElo "1316"]
[PlyCount "113"]
[EventDate "2016.03.18"]

1. e4 e5 2. Nf3 Nc6 3. Bb5 a6 4. Ba4 b5 5. Bb3 Bc5 6. d3 h6 7. Nc3 Nf6 8. Nd5
d6 9. c3 Rb8 10. O-O O-O 11. h3 Nxd5 12. exd5 Ne7 13. d4 exd4 14. Nxd4 Bb7 15.
Ne2 Ng6 16. Nf4 Ne5 17. Nd3 Bb6 18. Re1 Qh4 19. Be3 Bxe3 20. Rxe3 Rfe8 21. Qe2
Qd8 22. Re1 Kf8 23. Nxe5 dxe5 24. Rxe5 Rxe5 25. Qxe5 Qd7 26. Kf1 Rd8 27. c4 a5
28. cxb5 Qxb5+ 29. Kg1 Re8 30. Qxe8+ Qxe8 31. Rxe8+ Kxe8 32. Kf1 Ke7 33. Ke2
Kd6 34. Ke3 Bxd5 35. Bxd5 Kxd5 36. Kd3 h5 37. b3 g6 38. h4 f5 39. f4 c6 40. a3
Kc5 41. Kc3 Kd5 42. g3 c5 43. Kd3 c4+ 44. bxc4+ Kc5 45. a4 Kd6 46. Kd4 Kc6 47.
c5 Kc7 48. Kd5 Kd7 49. c6+ Kc7 50. Kc5 Kc8 51. Kb6 Kb8 52. c7+ Kc8 53. Kc6 g5
54. fxg5 f4 55. g6 f3 56. g7 f2 57. g8=Q# 1-0

[Event "LTU ch  (G14)"]
[Site "Vilnius"]
[Date "2016.03.22"]
[Round "5.2"]
[White "Ravlusevic, Evelina"]
[Black "Simkunaite, Gabija"]
[Result "0-1"]
[WhiteElo "1563"]
[BlackElo "1458"]
[PlyCount "68"]
[EventDate "2016.03.18"]

1. d4 Nf6 2. Nf3 d5 3. c4 c6 4. g3 dxc4 5. Ne5 Qd5 6. f3 b5 7. Nc3 Qd8 8. a4 b4
9. Na2 b3 10. Nc3 Nbd7 11. Nxc4 Rb8 12. Bf4 Rb7 13. Bg2 e6 14. Nd2 Qb6 15. Nc4
Qb4 16. Ne5 Nxe5 17. Bxe5 Nd5 18. Qd3 f6 19. Bf4 Nxc3 20. Qxc3 Qxc3+ 21. bxc3
b2 22. Rb1 e5 23. dxe5 Be6 24. Bc1 bxc1=Q+ 25. Rxc1 fxe5 26. O-O Bc5+ 27. Kh1
O-O 28. f4 exf4 29. Bxc6 Rc7 30. Bg2 fxg3 31. Rxf8+ Kxf8 32. e4 gxh2 33. Kxh2
Bd6+ 34. Kg1 Be5 0-1

[Event "LTU ch  (G14)"]
[Site "Vilnius"]
[Date "2016.03.22"]
[Round "5.3"]
[White "Saunoriute, Milda"]
[Black "Staskeviciute, Darija"]
[Result "1-0"]
[WhiteElo "1275"]
[BlackElo "1472"]
[PlyCount "141"]
[EventDate "2016.03.18"]

1. e4 c5 2. Nf3 d6 3. Bc4 e6 4. Nc3 Nf6 5. d4 cxd4 6. Nxd4 Be7 7. O-O O-O 8. f4
a6 9. Bb3 b5 10. a3 Bb7 11. Qe1 Qc7 12. Qg3 Re8 13. Kh1 Nbd7 14. Bxe6 Nc5 15.
Bf5 Ncxe4 16. Nxe4 Nxe4 17. Bxe4 Bxe4 18. f5 Bf8 19. Bh6 Kh8 20. Bf4 Qc5 21. c3
Rad8 22. Bd2 Qe5 23. Qg5 Be7 24. Qf4 Bf6 25. Nf3 Qxf5 26. Qxf5 Bxf5 27. Ng5 Bg6
28. Rae1 h6 29. Nf3 Bd3 30. Rxe8+ Rxe8 31. Re1 Rc8 32. Bf4 d5 33. Ne5 Bxe5 34.
Bxe5 Rc4 35. Bd4 Rc6 36. Re7 Re6 37. Rxe6 fxe6 38. Kg1 Kg8 39. Kf2 Kf7 40. Ke3
Bf5 41. Kf4 g5+ 42. Ke5 Kg6 43. Kd6 Be4 44. Kxe6 Bxg2 45. Kd6 Bh3 46. Kxd5 Kf7
47. Kc6 Be6 48. Kb6 Bc8 49. Kc7 Be6 50. Kb7 Bc4 51. Kxa6 h5 52. Ka5 g4 53. a4
bxa4 54. Kxa4 h4 55. b3 Bd5 56. Bf2 g3 57. hxg3 hxg3 58. Bxg3 Ke8 59. c4 Ba8
60. Kb5 Kd7 61. Kb6 Be4 62. b4 Kc8 63. Kc5 Bf3 64. Kd6 Be4 65. c5 Bb7 66. b5
Ba8 67. b6 Bb7 68. c6 Ba8 69. Kc5 Kd8 70. b7 Bxb7 71. cxb7 1-0

[Event "LTU ch  (G14)"]
[Site "Vilnius"]
[Date "2016.03.23"]
[Round "6.1"]
[White "Saunoriute, Milda"]
[Black "Sibajeva, Marija"]
[Result "0-1"]
[WhiteElo "1275"]
[BlackElo "1876"]
[PlyCount "40"]
[EventDate "2016.03.18"]

1. e4 c5 2. Nf3 e6 3. g3 Nc6 4. Bg2 d5 5. exd5 exd5 6. O-O Be7 7. d4 cxd4 8.
Nxd4 Nf6 9. Nc3 O-O 10. Bf4 Bg4 11. Qd3 Qd7 12. Bf3 Nxd4 13. Bxg4 Qxg4 14. Qxd4
Qf5 15. Qe5 Qh3 16. f3 Bc5+ 17. Kh1 Rae8 18. Qg5 Bd4 19. Rae1 Rxe1 20. Rxe1 Re8
0-1

[Event "LTU ch  (G14)"]
[Site "Vilnius"]
[Date "2016.03.23"]
[Round "6.3"]
[White "Plutaite, Ausra"]
[Black "Ravlusevic, Evelina"]
[Result "0-1"]
[WhiteElo "1298"]
[BlackElo "1563"]
[PlyCount "98"]
[EventDate "2016.03.18"]

1. e4 c5 2. d4 cxd4 3. c3 dxc3 4. Nxc3 Nc6 5. Bc4 g6 6. Nf3 Bg7 7. O-O Nf6 8.
Bg5 O-O 9. Re1 d6 10. Qd2 Bg4 11. Qe3 Bxf3 12. Qxf3 Ne5 13. Qe2 Nxc4 14. Qxc4
Rc8 15. Qe2 Re8 16. Qe3 b6 17. Nb5 Qd7 18. Nd4 Ng4 19. Qd2 Rc4 20. Nf3 Ne5 21.
Nxe5 Bxe5 22. Bh6 Rec8 23. f4 Bh8 24. e5 Qc6 25. Qe3 dxe5 26. fxe5 Rc2 27. Qg5
Qc5+ 28. Kh1 f6 29. Qg4 f5 30. Qg3 Qd5 31. Rad1 Qe6 32. Qa3 a5 33. b4 Rxa2 34.
Qe3 Qc6 35. Qb3+ Qc4 36. Qxc4+ Rxc4 37. e6 Rc8 38. bxa5 bxa5 39. Rd7 Re8 40.
Red1 Rc2 41. Ra7 Re2 42. Ra6 a4 43. h3 a3 44. Ra1 Bxa1 45. Rxa3 Be5 46. Kg1 Bd6
47. Rb3 Rxe6 48. Rb7 Rb8 49. Ra7 Bc5+ 0-1

[Event "LTU ch  (G14)"]
[Site "Vilnius"]
[Date "2016.03.23"]
[Round "6.4"]
[White "Borisovaite, Ana"]
[Black "Jaskunaite, Auguste"]
[Result "1-0"]
[WhiteElo "1316"]
[BlackElo "1062"]
[PlyCount "77"]
[EventDate "2016.03.18"]

1. d4 d5 2. e3 Nf6 3. Bd3 Bg4 4. f3 Bh5 5. Be2 h6 6. Nd2 Bg6 7. f4 e6 8. Ngf3
Nc6 9. c3 Be7 10. O-O Bd6 11. Qe1 Ne7 12. Nh4 Bh7 13. g3 Nf5 14. Ndf3 Ne4 15.
Ng2 Qd7 16. g4 Ne7 17. Nd2 Nf6 18. Qf2 O-O-O 19. b4 Rhf8 20. a4 Nc6 21. Nb3 Ne4
22. Qe1 Qe7 23. b5 Nb8 24. a5 c6 25. b6 a6 26. Bb2 Kd7 27. Nd2 Nf6 28. Qc1 Rc8
29. c4 c5 30. dxc5 Bxc5 31. Qd1 Rfd8 32. Qa4+ Nc6 33. Nb3 Bb4 34. Nd4 Qd6 35.
cxd5 Qxd5 36. Nxc6 Qxc6 37. Qxb4 Ke8 38. Ba3 Nd7 39. Qe7# 1-0